关于城市与历史时期的多项选择quiz - Statistics

General Stats
  • This quiz has been taken 35 times
  • The average score is 39 of 90
Answer Stats
Question Tile Select % Correct
1840年已经存在的中国城市: 北京 Yes
90%
1840年已经存在的中国城市: 哈尔滨 No
87%
1840年已经存在的中国城市: 石家庄 No
80%
1840年已经存在的中国城市: 泉州 Yes
80%
1840年已经存在的中国城市: 沈阳 Yes
80%
建成时间晚于哥伦布到达美洲(1492)的城市: 罗马 No
73%
建成时间晚于哥伦布到达美洲(1492)的城市: 开罗 No
73%
1840年已经存在的中国城市: 拉萨 Yes
70%
建成时间晚于哥伦布到达美洲(1492)的城市: 伦敦 No
70%
曾经被蒙古族政权攻破或统治过的城市: 京都 No
70%
1840年已经存在的中国城市: 香港 No
67%
曾经被蒙古族政权攻破或统治过的城市: 北京 Yes
67%
公元前(或说公元1年)已经存在的城市: 慕尼黑 No
67%
建成时间晚于哥伦布到达美洲(1492)的城市: 里约热内卢 Yes
63%
曾经被蒙古族政权攻破或统治过的城市: 乌兰巴托 Yes
63%
公元前(或说公元1年)已经存在的城市: 仰光 No
63%
建成时间晚于哥伦布到达美洲(1492)的城市: 纽约 Yes
60%
曾经被蒙古族政权攻破或统治过的城市: 维也纳 No
57%
曾经被蒙古族政权攻破或统治过的城市: 加德满都 No
57%
公元前(或说公元1年)已经存在的城市: 罗马 Yes
57%
公元前(或说公元1年)已经存在的城市: 北京 Yes
57%
《独立宣言》通过时(1776)已经存在的美洲城市: 温哥华 No
57%
每一个建立于19世纪的城市: 釜山 No
57%
1840年已经存在的中国城市: 上海 Yes
53%
建成时间晚于哥伦布到达美洲(1492)的城市: 东京 No
53%
建成时间晚于哥伦布到达美洲(1492)的城市: 海参崴 Yes
53%
建成时间晚于哥伦布到达美洲(1492)的城市: 迪拜 Yes
53%
西周时期尚未出现的中国城市: 曲阜 No
53%
帖木儿在世时曾统治或攻破的城市: 马斯喀特 No
53%
曾经被蒙古族政权攻破或统治过的城市: 布达佩斯 Yes
50%
公元前(或说公元1年)已经存在的城市: 京都 No
50%
唐朝元和时期(约820年)至唐末(约900年)长期作为方镇驻地的城市: 重庆 No
50%
西周时期尚未出现的中国城市: 商丘 No
50%
曾经被蒙古族政权攻破或统治过的城市: 大马士革 Yes
47%
明清时期曾作为一府治所的城市: 安阳 Yes
47%
《独立宣言》通过时(1776)已经存在的美洲城市: 新奥尔良 Yes
47%
《独立宣言》通过时(1776)已经存在的美洲城市: 休斯敦 No
47%
唐朝元和时期(约820年)至唐末(约900年)长期作为方镇驻地的城市: 福州 Yes
47%
西周时期尚未出现的中国城市: 北京 No
47%
西周时期尚未出现的中国城市: 邯郸 No
47%
帖木儿在世时曾统治或攻破的城市: 巴库 Yes
47%
1840年已经存在的中国城市: 郑州 Yes
43%
明清时期曾作为一府治所的城市: 宣城 Yes
43%
《独立宣言》通过时(1776)已经存在的美洲城市: 蒙特利尔 Yes
43%
唐朝元和时期(约820年)至唐末(约900年)长期作为方镇驻地的城市: 北京 Yes
43%
唐朝元和时期(约820年)至唐末(约900年)长期作为方镇驻地的城市: 襄阳 Yes
43%
唐朝元和时期(约820年)至唐末(约900年)长期作为方镇驻地的城市: 河内 Yes
43%
帖木儿在世时曾统治或攻破的城市: 大马士革 Yes
43%
曾经被蒙古族政权攻破或统治过的城市: 平壤 Yes
40%
明清时期曾作为一府治所的城市: 南通 No
40%
明清时期曾作为一府治所的城市: 肇庆 Yes
40%
《独立宣言》通过时(1776)已经存在的美洲城市: 芝加哥 No
40%
帖木儿在世时曾统治或攻破的城市: 塔什干 Yes
40%
帖木儿在世时曾统治或攻破的城市: 苏拉特 No
40%
建成时间晚于哥伦布到达美洲(1492)的城市: 卡拉奇 Yes
37%
公元前(或说公元1年)已经存在的城市: 加沙 Yes
37%
明清时期曾作为一府治所的城市: 绵阳 No
37%
《独立宣言》通过时(1776)已经存在的美洲城市: 里约热内卢 Yes
37%
唐朝元和时期(约820年)至唐末(约900年)长期作为方镇驻地的城市: 苏州 No
37%
公元前(或说公元1年)已经存在的城市: 塔什干 Yes
33%
明清时期曾作为一府治所的城市: 延安 Yes
33%
《独立宣言》通过时(1776)已经存在的美洲城市: 华盛顿 No
33%
《独立宣言》通过时(1776)已经存在的美洲城市: 太子港 Yes
33%
每一个建立于19世纪的城市: 约翰内斯堡 Yes
33%
每一个建立于19世纪的城市: 乌斯怀亚 Yes
33%
帖木儿在世时曾统治或攻破的城市: 安卡拉 Yes
33%
明清时期曾作为一府治所的城市: 酒泉 No
30%
唐朝元和时期(约820年)至唐末(约900年)长期作为方镇驻地的城市: 许昌 Yes
30%
唐朝元和时期(约820年)至唐末(约900年)长期作为方镇驻地的城市: 南宁 Yes
30%
西周时期尚未出现的中国城市: 绍兴 Yes
30%
帖木儿在世时曾统治或攻破的城市: 刻赤 No
30%
帖木儿在世时曾统治或攻破的城市: 德里 Yes
30%
明清时期曾作为一府治所的城市: 黄冈 Yes
27%
曾经被蒙古族政权攻破或统治过的城市: 河内 Yes
23%
公元前(或说公元1年)已经存在的城市: 巴士拉 No
23%
唐朝元和时期(约820年)至唐末(约900年)长期作为方镇驻地的城市: 银川 No
23%
每一个建立于19世纪的城市: 悉尼 No
23%
《独立宣言》通过时(1776)已经存在的美洲城市: 亚松森 Yes
20%
每一个建立于19世纪的城市: 包头 Yes
20%
每一个建立于19世纪的城市: 顿涅茨克 Yes
20%
公元前(或说公元1年)已经存在的城市: 巴塞罗那 Yes
17%
明清时期曾作为一府治所的城市: 邯郸 No
17%
每一个建立于19世纪的城市: 卡拉奇 Yes
17%
每一个建立于19世纪的城市: 安克雷奇 No
17%
西周时期尚未出现的中国城市: 天水 Yes
17%
帖木儿在世时曾统治或攻破的城市: 喀什 Yes
17%
每一个建立于19世纪的城市: 亚的斯亚贝巴 Yes
13%
西周时期尚未出现的中国城市: 临汾 Yes
13%
西周时期尚未出现的中国城市: 新郑 Yes
13%
西周时期尚未出现的中国城市: 咸阳 Yes
3%
No matching quizzes found
Score Distribution
Percent of People with Each Score
Percentile by Number Answered
Your Score History
You have not taken this quiz